书目信息 |
| 题名: |
中国民法典释评·婚姻家庭编
|
|
| 作者: | 夏吟兰 著 | |
| 分册: | ||
| 出版信息: | 北京 中国人民大学出版社 2020.08 |
|
| 页数: | 360页 | |
| 开本: | 20cm | |
| 丛书名: | ||
| 单 册: | ||
| 中图分类: | D923.05 | |
| 科图分类: | ||
| 主题词: | 法律--中国 | |
| 电子资源: | ||
| ISBN: | 978-7-300-28238-1 | |
| 000 | 00600nam0 2200193 45 | |
| 001 | 2041876616 | |
| 005 | 20201104113849.40 | |
| 010 | @a978-7-300-28238-1@dRMB 120.00 | |
| 100 | @a20201104d2020 km y0chiy0120 ea | |
| 101 | 0 | @achi |
| 102 | @aCN@b110000 | |
| 200 | 1 | @a中国民法典释评·婚姻家庭编@Azhong guo min fa dian shi ping·hun yin jia ting bian@f夏吟兰等著@Fxia yin lan deng zhu |
| 210 | @a北京@c中国人民大学出版社@d2020.08 | |
| 215 | @a360页@d20cm | |
| 606 | 0 | @a法律@x中国 |
| 690 | @aD923.05@v4 | |
| 701 | 0 | @a夏吟兰@Axia yin lan@4著 |
| 801 | 0 | @aCN@bPFT@c20201104 |
| 905 | @a10447@dD923.05@eX225 | |
| 中国民法典释评·婚姻家庭编/夏吟兰等著.-北京:中国人民大学出版社,2020.08 |
| 360页;20cm |
| ISBN 978-7-300-28238-1:RMB 120.00 |
| ● |
| 相关链接 |
|
|
|
正题名:中国民法典释评·婚姻家庭编
索取号:D923.05/X225
 
预约/预借
| 序号 | 登录号 | 条形码 | 馆藏地/架位号 | 状态 | 备注 |
| 1 | 1234941 | 212349412 | 法学院资料室/ [索取号:D923.05/X225] | 在馆 |